000 00480nam a22001937a 4500
003 MPLRDC
005 20220104123702.0
008 210129b ||||| |||| 00| 0 eng d
020 _a957-698-139-5
082 _a414.3 JZJZF
100 _a金子今朝夫
245 _a灵芝健康法
_c江秀月译
250 _a初版
260 _a
_b青春出版社
_c1994
300 _b
490 _a青春出版社. 267
650 _a中药材--灵芝
942 _cBK
_o414.3 JZJZF
999 _c13375
_d13365